Test of professional competence (Record no. 114854)

MARC details
000 -LEADER
fixed length control field 00573cam a22001695a 4500
001 - CONTROL NUMBER
control field L157585
008 - FIXED-LENGTH DATA ELEMENTS--GENERAL INFORMATION
fixed length control field 130129s1989 xxk f 000 0 eng d
035 ## - SYSTEM CONTROL NUMBER
System control number (Sirsi) u157585
041 0# - LANGUAGE CODE
Language code of text/sound track or separate title eng
110 2# - MAIN ENTRY--CORPORATE NAME
Corporate name or jurisdiction name as entry element Royal Institution of Chartered Surveyors
Subordinate unit Quantity Surveyors' Division
9 (RLIN) 1263
245 00 - TITLE STATEMENT
Title Test of professional competence
Remainder of title practice problem, September 1989, building option
260 ## - PUBLICATION, DISTRIBUTION, ETC.
Place of publication, distribution, etc. London
Name of publisher, distributor, etc. RICS
Date of publication, distribution, etc. 1989
300 ## - PHYSICAL DESCRIPTION
Extent 1v.
Dimensions 30cm
Accompanying material + 5 folded plans
520 ## - SUMMARY, ETC.
Summary, etc. Papers for exam taken on 4 and 6 September 1989.
651 #4 - SUBJECT ADDED ENTRY--GEOGRAPHIC NAME
Geographic name Great Britain
Chronological subdivision 1707-
942 ## - ADDED ENTRY ELEMENTS (KOHA)
Suppress in OPAC 0
Holdings
Withdrawn status Lost status Source of classification or shelving scheme Damaged status Not for loan Home library Current library Shelving location Date acquired Total Checkouts Full call number Barcode Date last seen Copy number Price effective from Koha item type
    Dewey Decimal Classification     Historic collection Historic collection RICS Boxes 29/01/2013   RICS 1989/103 30078055 06/08/2019 1 06/08/2019 Book